01717nam a2200217 450000500170000002000190001705000160003610000180005224500400007025000180011026000300012830000200015850000190017850508870019765000650108470000180114994200070116799900150117495201550118995201550134420250812124557.0 a 9780702081804 aRJ48.5bL68 aLissauer, Tom aIllustrated Textbook of Paediatrics aSixth edition aAmsterdambElsevierc2022 axiii, 593 pages aincludes index a1. Paediatrics and Child Health 2. History and Examination 3. Normal Child Development, Hearing and Vision 4. Developmental Problems and the Child with Special Needs 5. Care of the Sick Child and Young Person 6. Paediatric Emergencies 7. Accidents and Poisoning 8. Child Protection 9. Genetics 10. Perinatal Medicine 11. Neonatal Medicine 12. Growth and Puberty 13. Nutrition 14. Gastroenterology 15. Infection and Immunity 16. Allergy 17. Respiratory Disorders 18. Cardiac Disorders 19. Kidney and Urinary Tract Disorders 20. Genital Disorders 21. Liver Disorders 22. Malignant Disease 23. Haematological Disorders 24. Child and Adolescent Mental Health 25. Dermatological Disorders 26. Diabetes and Endocrinology 27. Inborn Errors of Metabolism 28. Musculoskeletal Disorders 29. Neurological Disorders 30. Adolescent Medicine 31. Global Child Health  a Child Health Children Diseases Children Health and hygiene  aCarroll, Will cBK c8452d8452 001040708REFaMUCGMbMUCGMcGENd2025-08-05eUniversity of Ghana Book Shop (Main)g420.00l0oRJ48.5 L68p9120r2025-08-12 12:49:26w2025-08-12yBK 001040708REFaMUCGMbMUCGMcGENd2025-08-05eUniversity of Ghana Book Shop (Main)g420.00l0oRJ48.5 L68p9121r2025-08-12 12:50:14w2025-08-12yBK